Statistics for Language names in the language 2

Click here to take the quiz!

General Stats

  • This quiz has been taken 376 times
  • The average score is 13 of 18

Answer Stats

Hint Answer % Correct
TürkçeTurkish
96%
Al-ʻarabīyahArabic
94%
Tiếng ViệtVietnamese
91%
LatviešuLatvian
89%
SuomiFinnish
89%
KiswahiliSwahili
86%
GaeilgeIrish
84%
LietuviųLithuanian
84%
MagyarHungarian
81%
NihongoJapanese
80%
EestiEstonian
79%
Elli̱nikí̱Greek
69%
HànyǔChinese
67%
Hangug/HangugeoKorean
61%
Qhichwa SimiQuechua (Inca)
45%
NāhuatlahtōlliNahuatl (Aztec)
39%
IvritHebrew
34%
Jong-kăDzongkha
11%

Score Distribution

Percentile by Number Answered

Percent of People with Each Score

Your Score History

You have not taken this quiz